01133nam a2200169Ia 4500001001300000003001000013008004100023040002500064041000700089100001900096245010100115250001100216260004000227300001200267500061900279650006500898a1694-42983 IT-MiCISF161014s9999||||xx |||||||||||||| ||und|| aIT-MiCISFcIT-MiCISF ait aPolli Loredana 0aMaestra sai... sono stato adottatobPiccolo vademecum di sopravvivenza per genitori e insegnanti a1a ed. a FoggiabEditrice Mammeonlinec2004 app. 158 a / adozione, genitori-adottivi, figli-adottivi, scuola, esperienze / L'A. fa parte di un gruppo locale di genitori adottivi e con questo libro, attraverso l'esperienza di tante famiglie con cui ha avuto contatti negli anni, vuol far capire che uno dei momenti cruciali, per la crescita del bambino arrivato in famiglia con l'adozione, è€ il rapporto con la scuola. Non necessariamente una esperienza negativa, ma sicuramente delicata. Il lavoro svolto in questo libro intende porsi come piccolo vademecum per affrontare questo momento, con testimonianze, riflessioni e materiale da utilizzare in classe e a casa. a Genitorialità€ e problemi educativi / adozione-affidoe004